[Event "SR 3. liga A2 2010/2011"]
[Site "?"]
[Date "2011.03.13"]
[Round "10.5"]
[White "Bahna, Jan"]
[Black "Kalmar, Tamas"]
[Result "1-0"]
[WhiteElo "1975"]
[BlackElo "1754"]
[PlyCount "75"]
[EventDate "2010.??.??"]
[WhiteTeam "Slovakia"]
[BlackTeam "II"]
[WhiteTeamCountry "SVK"]
[BlackTeamCountry "SVK"]

1. e4 e6 2. d4 d5 3. Nd2 dxe4 4. Nxe4 Bd7 5. Nf3 Bc6 6. Bd3 Nd7 7. O-O Ngf6 8.
Re1 Bxe4 9. Bxe4 Nxe4 10. Rxe4 Nf6 11. Re1 Bd6 12. Ne5 Bxe5 13. Rxe5 h6 14. Bf4
Nd5 15. Bg3 O-O 16. f4 Rc8 17. c3 Qd7 18. Qe2 Ne7 19. Re1 Ng6 20. Ra5 a6 21.
Qg4 Rfd8 22. h4 Ne7 23. h5 Nc6 24. Ra3 Ne7 25. Bh4 Re8 26. Bf6 Nf5 27. Ra5 Kh7
28. Bh4 Qc6 29. Bf2 Red8 30. Rc5 Qd6 31. d5 b6 32. dxe6 Ne3 33. Bxe3 bxc5 34.
Qf5+ Kh8 35. exf7 Qe7 36. Bf2 Qd6 37. Bxc5 Qd2 38. Re5 1-0

[Event "SR 3. liga A2 2010/2011"]
[Site "?"]
[Date "2011.03.13"]
[Round "10.5"]
[White "Bjel, Jan"]
[Black "Takacs, Laszlo"]
[Result "1-0"]
[WhiteElo "1883"]
[BlackElo "1921"]
[PlyCount "103"]
[EventDate "2010.??.??"]
[WhiteTeam "Slovakia"]
[BlackTeam "II"]
[WhiteTeamCountry "SVK"]
[BlackTeamCountry "SVK"]

1. d4 Nf6 2. c4 g6 3. Nc3 Bg7 4. Bg5 O-O 5. e4 d6 6. g3 Nbd7 7. Bg2 c5 8. Be3
a6 9. Rc1 Qa5 10. Nge2 Ng4 11. O-O Nxe3 12. fxe3 Nf6 13. Kh1 Rb8 14. a3 Re8 15.
Qd3 Bh6 16. Rce1 Ng4 17. Nf4 $11 b5 18. Re2 b4 19. axb4 cxb4 20. Nd1 Bb7 21.
Nf2 Nf6 22. b3 Qd8 23. Ra2 a5 24. Rfa1 Ra8 25. Ne2 Qc7 26. Ng1 Bg7 27. Nf3 Nd7
28. Ng5 $11 Rec8 29. Rf1 h6 30. Ngh3 Nb6 31. Rc1 Nd7 32. Nf4 e6 33. Qe2 Qd8 34.
N2d3 Qg5 35. Rf1 h5 36. Qf2 Nf6 37. Nh3 Qh6 38. e5 Bxg2+ 39. Kxg2 dxe5 40. dxe5
Ng4 41. Qxf7+ Kh8 42. Re1 Nxe3+ 43. Kg1 Nf5 44. Ndf4 Nd4 45. Re3 Kh7 46. Rd3
Rd8 47. Kg2 a4 48. bxa4 b3 49. Rb2 Rxa4 50. Qe7 Raa8 51. Ng5+ Kg8 52. Qf7+ 1-0

[Event "SR 3. liga A2 2010/2011"]
[Site "?"]
[Date "2011.03.13"]
[Round "10.5"]
[White "Husek, Lubomir"]
[Black "Kosar, Mikulas ml"]
[Result "0-1"]
[WhiteElo "1786"]
[BlackElo "1889"]
[PlyCount "84"]
[EventDate "2010.??.??"]
[WhiteTeam "Slovakia"]
[BlackTeam "II"]
[WhiteTeamCountry "SVK"]
[BlackTeamCountry "SVK"]

1. e4 d5 2. exd5 Nf6 3. Bb5+ Bd7 4. Bxd7+ Qxd7 5. Nc3 Nxd5 6. Nxd5 Qxd5 7. Nf3
e5 8. d3 Nc6 9. O-O Bc5 10. a3 O-O 11. b4 Bd4 12. Nxd4 Nxd4 13. Bb2 Rad8 14. f4
e4 15. c4 Qc6 16. dxe4 Qxe4 17. Qg4 f5 18. Qg5 h6 19. Qh4 Nc2 20. Rac1 Rd2 21.
Qg3 Qe3+ 22. Qxe3 Nxe3 23. Rf2 Rfd8 24. Rxd2 Rxd2 25. Be5 Rxg2+ 26. Kh1 Ra2 27.
Bxc7 Ng4 28. Rc3 Rxh2+ 29. Kg1 h5 30. Rg3 Rd2 31. Rh3 g6 32. c5 Kf7 33. Bd6 Ke6
34. Bb8 a6 35. Rc3 Kd5 36. c6 bxc6 37. Rc5+ Ke4 38. Rxc6 h4 39. Rxg6 Kf3 40.
Rxg4 Kxg4 41. a4 Kg3 42. Kf1 h3 0-1

[Event "SR 3. liga A2 2010/2011"]
[Site "?"]
[Date "2011.03.13"]
[Round "10.5"]
[White "Lopatievov, Alexander"]
[Black "Brunovsky, Peter"]
[Result "1-0"]
[WhiteElo "1988"]
[BlackElo "1785"]
[PlyCount "117"]
[EventDate "2010.??.??"]
[WhiteTeam "Slovakia"]
[BlackTeam "II"]
[WhiteTeamCountry "SVK"]
[BlackTeamCountry "SVK"]

1. c4 Nf6 2. Nc3 g6 3. g3 Bg7 4. Bg2 O-O 5. d4 d6 6. Nf3 Na6 7. O-O c5 8. e3
Bd7 9. b3 Rb8 10. Bb2 b6 11. Re1 Nc7 12. Qd2 Qc8 13. e4 Rd8 14. Nd5 Re8 15.
Nxf6+ exf6 16. d5 a6 17. Qf4 Re5 18. Nxe5 fxe5 19. Qd2 b5 20. f4 Bh6 21. Qf2 f6
22. fxe5 fxe5 23. Rf1 Qf8 24. Qe2 Qe7 25. Rf2 Rf8 26. Raf1 Rxf2 27. Qxf2 Qf8
28. Qxf8+ Bxf8 29. Bf3 Be7 30. Be2 Kg7 31. Kg2 h6 32. Bc1 Bd8 33. Bd2 b4 34. a3
a5 35. axb4 axb4 36. Ra1 g5 37. Ra7 Kg6 38. Be3 h5 39. Bxc5 dxc5 40. d6 Bh3+
41. Kxh3 g4+ 42. Kg2 Ne6 43. Ra8 Kg5 44. Kf2 Kg6 45. Kg2 Kg5 46. Bd1 Kg6 47.
Rc8 Kf6 48. h3 Kg5 49. hxg4 hxg4 50. Kf2 Kh5 51. Rb8 Kg5 52. Rb7 Bf6 53. Rf7
Bg7 54. Rf5+ Kg6 55. Bxg4 Nd4 56. d7 Nc6 57. Bh5+ Kh7 58. Be8 Kg8 59. Bf7+ 1-0

[Event "SR 3. liga A2 2010/2011"]
[Site "?"]
[Date "2011.03.13"]
[Round "10.5"]
[White "Strapko, Tomas"]
[Black "Lanik, Miroslav"]
[Result "1/2-1/2"]
[WhiteElo "1892"]
[BlackElo "1871"]
[PlyCount "102"]
[EventDate "2010.??.??"]
[WhiteTeam "Slovakia"]
[BlackTeam "II"]
[WhiteTeamCountry "SVK"]
[BlackTeamCountry "SVK"]

1. d4 d5 2. c4 c6 3. Nc3 Nf6 4. Nf3 e6 5. Bg5 h6 6. Bxf6 Qxf6 7. a3 Nd7 8. e4
dxe4 9. Nxe4 Qe7 10. Bd3 b6 11. O-O g6 12. Re1 Bb7 13. Qc2 Bg7 14. c5 bxc5 15.
dxc5 O-O 16. Nd6 Rab8 17. Rad1 Ba8 18. b4 Kh7 19. b5 f5 20. a4 Rbd8 $11 21. Bf1
Nb8 22. Nd4 Bxd4 23. Rxd4 e5 24. f4 e4 25. Qf2 Nd7 26. Rb4 Nf6 27. Bc4 Ng4 28.
Qg3 Rxd6 29. cxd6 Qxd6 30. Qc3 Qxf4 31. Qg3 Qd2 32. Rbb1 Qd4+ 33. Kh1 Qxc4 34.
h3 Nf6 35. Qc7+ Rf7 36. Qc8 Bb7 37. Qb8 Qxa4 38. Ra1 Qxb5 39. Reb1 Qd5 40. Rxb7
Kg7 41. Rxf7+ Kxf7 42. Rxa7+ Ke6 43. Qc8+ Ke5 44. Qc7+ Qd6 45. Ra5+ Ke6 46.
Qc8+ Qd7 47. Qb8 Qd1+ 48. Kh2 Qd6+ 49. Qxd6+ Kxd6 50. Kg3 Nd5 51. Kf2 g5 $11
1/2-1/2

[Event "SR 3. liga A2 2010/2011"]
[Site "?"]
[Date "2011.03.13"]
[Round "10.5"]
[White "Vepy, Ivan"]
[Black "Vagovsky, Jozef"]
[Result "1/2-1/2"]
[WhiteElo "1935"]
[BlackElo "1993"]
[PlyCount "36"]
[EventDate "2010.??.??"]
[WhiteTeam "Slovakia"]
[BlackTeam "II"]
[WhiteTeamCountry "SVK"]
[BlackTeamCountry "SVK"]

1. e4 e6 2. d4 d5 3. Nd2 dxe4 4. Nxe4 Nd7 5. Nf3 Ngf6 6. Bd3 Nxe4 7. Bxe4 Nf6
8. Bd3 c5 9. Be3 Qb6 10. O-O Bd7 11. Ne5 cxd4 12. Bg5 Be7 13. Bxf6 Bxf6 14.
Nxd7 Kxd7 15. c3 Ke7 16. cxd4 Rad8 17. Qf3 Bxd4 18. Kh1 Rd7 $11 1/2-1/2

[Event "SR 3. liga A2 2010/2011"]
[Site "?"]
[Date "2011.03.13"]
[Round "10.6"]
[White "Feher, Tibor"]
[Black "Krchnak, Rudolf"]
[Result "1/2-1/2"]
[WhiteElo "1805"]
[BlackElo "1886"]
[PlyCount "35"]
[EventDate "2010.??.??"]
[WhiteTeam "Slovakia"]
[BlackTeam "II"]
[WhiteTeamCountry "SVK"]
[BlackTeamCountry "SVK"]

1. e4 d6 2. Nf3 Nf6 3. Nc3 Bg4 4. Be2 c6 5. e5 Bxf3 6. exf6 Bxe2 7. fxe7 Bxe7
8. Qxe2 O-O 9. O-O Nd7 10. Re1 Re8 11. d3 d5 12. Bd2 Nf6 13. Qf3 Qd7 14. Re2
Bd6 15. Rae1 Rxe2 16. Rxe2 Re8 17. Rxe8+ Qxe8 18. Qe2 $11 1/2-1/2

[Event "SR 3. liga A2 2010/2011"]
[Site "?"]
[Date "2011.03.13"]
[Round "10.6"]
[White "Palka, Martin"]
[Black "Slaby, Jozef"]
[Result "1-0"]
[WhiteElo "1855"]
[BlackElo "1865"]
[PlyCount "95"]
[EventDate "2010.??.??"]
[WhiteTeam "Slovakia"]
[BlackTeam "II"]
[WhiteTeamCountry "SVK"]
[BlackTeamCountry "SVK"]

1. e4 c6 2. d4 d5 3. e5 Bf5 4. Nf3 e6 5. Be2 h6 6. O-O Be7 7. Nbd2 Nd7 8. c4
dxc4 9. Nxc4 Nb6 10. Ne3 Be4 11. b3 Qd7 12. Bb2 O-O-O 13. Nd2 Bg6 14. a4 Nd5
15. Nxd5 Qxd5 16. Bf3 Qd7 17. Qe2 Bg5 18. Nc4 Ne7 19. Nd6+ Kb8 20. b4 Nf5 21.
b5 Nxd6 22. bxc6 bxc6 23. exd6 Qb7 24. Ba3 Rd7 25. Ra2 Qc8 26. Rb2+ Rb7 27. Ra2
Qd7 28. g3 Ka8 29. h4 Bf6 30. Qc4 Rc8 31. Rc1 Rb1 32. Rxb1 Bxb1 33. Rb2 Bf5 34.
Qc5 Bd8 35. a5 Bd3 36. Rb3 Ba6 37. Rc3 Bb7 38. a6 Bb6 39. axb7+ Kxb7 40. Qc4 f6
41. Bc5 e5 42. Re3 Re8 43. dxe5 Rxe5 44. Rxe5 fxe5 45. Bg4 Qe8 46. d7 Qb8 47.
Bxb6 axb6 48. Qe6 1-0

[Event "SR 3. liga A2 2010/2011"]
[Site "?"]
[Date "2011.03.13"]
[Round "10.6"]
[White "Sandor, Stefan"]
[Black "Hrubos, Milan"]
[Result "1-0"]
[WhiteElo "1682"]
[BlackElo "1802"]
[PlyCount "97"]
[EventDate "2010.??.??"]
[WhiteTeam "Slovakia"]
[BlackTeam "II"]
[WhiteTeamCountry "SVK"]
[BlackTeamCountry "SVK"]

1. e4 e5 2. Nf3 Nc6 3. d4 exd4 4. Nxd4 Nxd4 5. Qxd4 d6 6. Nc3 h6 7. e5 Be6 8.
exd6 Qxd6 9. Qxd6 Bxd6 10. Bd3 O-O-O 11. O-O a6 12. Ne4 Be7 13. Bd2 Nf6 14. Bc3
Nxe4 15. Bxe4 Rhg8 16. a3 Bc5 17. Rad1 f6 18. h3 c6 19. Rfe1 Rxd1 20. Rxd1 Rd8
21. Rxd8+ Kxd8 22. Bd3 Kd7 23. Kf1 b5 24. b4 Bb6 25. Bd2 c5 26. c3 cxb4 27.
cxb4 Bc4 28. Be2 Bd4 29. Bc1 Kd6 30. Bxc4 bxc4 31. Ke2 Kd5 32. f3 Ba1 33. g4
Kd4 34. Kd2 Kd5 35. Kc2 Be5 36. Bb2 Bd6 37. Bc3 a5 38. Kb2 axb4 39. Bxb4 Bxb4
40. axb4 Kc6 41. Kc3 Kb5 42. f4 g6 43. h4 g5 44. hxg5 f5 45. gxf5 h5 46. g6 h4
47. g7 h3 48. g8=Q h2 49. Qxc4+ 1-0

[Event "SR 3. liga A2 2010/2011"]
[Site "?"]
[Date "2011.03.13"]
[Round "10.6"]
[White "Vegh, Vince"]
[Black "Hagara, Vladimir"]
[Result "0-1"]
[WhiteElo "1947"]
[BlackElo "1900"]
[PlyCount "102"]
[EventDate "2010.??.??"]
[WhiteTeam "Slovakia"]
[BlackTeam "II"]
[WhiteTeamCountry "SVK"]
[BlackTeamCountry "SVK"]

1. e4 c5 2. Nf3 d6 3. d4 cxd4 4. Nxd4 Nf6 5. Nc3 a6 6. Be3 e5 7. Nb3 Be6 8. Be2
Be7 9. O-O O-O 10. Nd5 Bxd5 11. exd5 Nbd7 12. c4 Rc8 13. Nd2 Ne8 14. b4 f5 15.
f3 Nef6 16. Rc1 a5 17. a3 axb4 18. axb4 b6 19. Qb3 Kh8 20. Bd3 g6 21. Bb1 Kg7
22. Qb2 h6 23. Nb3 Kh7 24. Qd2 Ng8 25. f4 Bf6 26. fxe5 Bxe5 27. Nd4 Bxd4 28.
Bxd4 Ngf6 29. Qf4 Qc7 30. Be3 Ng8 31. h4 Ndf6 32. Qd4 Rb8 33. Bf4 Qd7 34. c5
bxc5 35. bxc5 dxc5 36. Rxc5 Rbc8 37. Rfc1 Rxc5 38. Qxc5 Rf7 39. d6 Ne4 40. Qc7
Ngf6 41. Ba2 Rg7 42. Qb8 Qa4 43. Bc4 Nd7 44. Qb5 Qa7+ 45. Kh2 Qf2 46. Be5 Qxh4+
47. Kg1 Qf2+ 48. Kh1 Qh4+ 49. Bh2 Ndf6 50. Be2 Ng3+ 51. Kg1 Qd4# 0-1

[Event "SR 3. liga A2 2010/2011"]
[Site "?"]
[Date "2011.03.13"]
[Round "10.6"]
[White "Vlkovic, Pavol"]
[Black "Brisudova, Veronika"]
[Result "1/2-1/2"]
[WhiteElo "1840"]
[BlackElo "1797"]
[PlyCount "71"]
[EventDate "2010.??.??"]
[WhiteTeam "Slovakia"]
[BlackTeam "II"]
[WhiteTeamCountry "SVK"]
[BlackTeamCountry "SVK"]

1. e4 c5 2. d4 cxd4 3. c3 d3 4. Bxd3 Nc6 5. Nf3 e6 6. O-O Bc5 7. Qe2 Nge7 8.
Nbd2 O-O 9. Re1 e5 10. Nc4 Ng6 11. Bg5 Be7 12. Be3 d6 13. Rad1 Be6 14. Bb1 Qc7
15. Ng5 Rac8 16. Nd2 b6 17. Nf1 Nd8 18. Ng3 Bc4 19. Qh5 Bxg5 20. Bxg5 Ne6 21.
Nf5 Nxg5 22. Qxg5 f6 23. Qe3 Rcd8 24. Rd2 Rf7 25. Red1 Rfd7 26. h4 Be6 27. g3
Ne7 28. h5 Nxf5 29. exf5 Bf7 30. h6 Bh5 31. Be4 Qc5 32. Bd5+ Kh8 33. hxg7+ Kxg7
34. Re1 Qxe3 35. fxe3 Bf7 36. c4 1/2-1/2

[Event "SR 3. liga A2 2010/2011"]
[Site "?"]
[Date "2011.03.13"]
[Round "10.6"]
[White "Zajicek, Ferdinand"]
[Black "Mackovic, Matus"]
[Result "1-0"]
[WhiteElo "1873"]
[BlackElo "1846"]
[PlyCount "69"]
[EventDate "2010.??.??"]
[WhiteTeam "Slovakia"]
[BlackTeam "II"]
[WhiteTeamCountry "SVK"]
[BlackTeamCountry "SVK"]

1. e4 c6 2. Nf3 d5 3. exd5 cxd5 4. d4 Nc6 5. Nc3 Nf6 6. Bd3 Bg4 7. Be3 e6 8. h3
Bh5 9. Be2 Bd6 10. O-O a6 11. a3 O-O 12. Ne1 Bxe2 13. Nxe2 b5 14. c3 Qc7 15.
Nf3 Na5 16. Nd2 Rfc8 17. g3 Nc4 18. Rb1 Nxe3 19. fxe3 Bxg3 20. Rf3 Bd6 21. Qf1
Qe7 22. Qg2 Ne4 23. Nf4 Nxd2 24. Qxd2 Bxf4 25. Rxf4 f5 26. Kh1 a5 27. Rg1 Rc4
28. Qg2 b4 29. Rxf5 Rac8 30. Rg5 R8c7 31. axb4 axb4 32. cxb4 Rc2 33. Qg3 Rxb2
34. Rxg7+ Qxg7 35. Qxc7 1-0

[Event "SR 3. liga A2 2010/2011"]
[Site "?"]
[Date "2011.03.13"]
[Round "10.7"]
[White "Benak, Peter"]
[Black "Kosar, Mikulas st"]
[Result "1/2-1/2"]
[WhiteElo "1605"]
[BlackElo "1835"]
[PlyCount "54"]
[EventDate "2010.??.??"]
[WhiteTeam "Slovakia"]
[BlackTeam "II"]
[WhiteTeamCountry "SVK"]
[BlackTeamCountry "SVK"]

1. e4 e5 2. Nf3 Nf6 3. Nxe5 d6 4. Nf3 Nxe4 5. d3 Nf6 6. Be2 Be7 7. O-O O-O 8.
Nc3 Bg4 9. h3 Bh5 10. Bg5 h6 11. Bh4 Nbd7 12. Re1 Re8 13. Nd2 Bxe2 14. Rxe2 d5
15. a3 Bd6 16. Nxd5 g5 17. Rxe8+ Qxe8 18. Nxf6+ Nxf6 19. Qf3 Kg7 20. Bg3 Bxg3
21. fxg3 c6 22. Kf2 Qe5 23. Nc4 Qc5+ 24. Qe3 Qf5+ 25. Qf3 Qc5+ 26. Qe3 Qf5+ 27.
Qf3 Qc5+ 1/2-1/2

[Event "SR 3. liga A2 2010/2011"]
[Site "?"]
[Date "2011.03.13"]
[Round "10.7"]
[White "Curidlo, Jan"]
[Black "Zisek, Jaroslav"]
[Result "1-0"]
[WhiteElo "1871"]
[BlackElo "1827"]
[PlyCount "85"]
[EventDate "2010.??.??"]
[WhiteTeam "Slovakia"]
[BlackTeam "II"]
[WhiteTeamCountry "SVK"]
[BlackTeamCountry "SVK"]

1. e4 c5 2. Nf3 d6 3. d4 cxd4 4. Nxd4 Nf6 5. Nc3 a6 6. Bg5 e6 7. f4 Be7 8. Qf3
h6 9. Bh4 Qc7 10. O-O-O e5 11. Bxf6 Bxf6 12. Nd5 Qd8 13. fxe5 Bxe5 14. Kb1 Nd7
15. Bc4 Nf6 16. h3 Bd7 17. Rhf1 O-O 18. Nf5 Bxf5 19. Qxf5 Nxd5 20. Bxd5 Qe7 21.
Rf3 Rac8 22. Rdf1 Rc7 23. Rb3 b5 24. Qf2 Ra7 25. a3 Qc7 26. Rf3 Qe7 27. Qe3 Bf6
28. Rf5 Rc7 29. g4 Qd8 30. Qb3 Re8 31. h4 Re5 32. g5 Rxf5 33. Rxf5 hxg5 34.
hxg5 Bxg5 35. Bxf7+ Kh7 36. Qg3 Bh6 37. Qg6+ Kh8 38. Rh5 Qf8 39. Bd5 Rc8 40.
Rf5 Qe7 41. Be6 Re8 42. Rf7 Qxe6 43. Rf8+ 1-0

[Event "SR 3. liga A2 2010/2011"]
[Site "?"]
[Date "2011.03.13"]
[Round "10.7"]
[White "Kolenak, Matus"]
[Black "Both, Lajos"]
[Result "1-0"]
[WhiteElo "1722"]
[BlackElo "1874"]
[PlyCount "30"]
[EventDate "2010.??.??"]
[WhiteTeam "Slovakia"]
[BlackTeam "II"]
[WhiteTeamCountry "SVK"]
[BlackTeamCountry "SVK"]

1. d4 d5 2. c4 dxc4 3. e3 Nf6 4. Bxc4 e6 5. Nf3 c5 6. O-O Be7 7. Nc3 O-O 8. Qe2
Nc6 9. Rd1 cxd4 10. exd4 Nb4 11. Ne5 a6 12. Bb3 Nbd5 13. Bc2 Qc7 14. Nxd5 Nxd5
15. Be4 Nf6 {telefon} 1-0

[Event "SR 3. liga A2 2010/2011"]
[Site "?"]
[Date "2011.03.13"]
[Round "10.7"]
[White "Mackovic, Miroslav"]
[Black "Papanek, Lubomir"]
[Result "1-0"]
[WhiteElo "1915"]
[BlackElo "1653"]
[PlyCount "55"]
[EventDate "2010.??.??"]
[WhiteTeam "Slovakia"]
[BlackTeam "II"]
[WhiteTeamCountry "SVK"]
[BlackTeamCountry "SVK"]

1. e4 c5 2. Nf3 d6 3. d4 cxd4 4. Nxd4 Nf6 5. Nc3 a6 6. Be2 g6 7. Be3 Bg7 8. g4
Nc6 9. g5 Nd7 10. Qd2 Nb6 11. O-O-O Ne5 12. b3 Bd7 13. f4 Nc6 14. Nd5 Nxd5 15.
exd5 Na7 16. h4 Rc8 17. h5 Nb5 18. Nxb5 axb5 19. Bd4 O-O 20. Bxg7 Kxg7 21. Qd4+
f6 22. hxg6 hxg6 23. Bd3 Qa5 24. Qe4 Bf5 25. Qxe7+ Rf7 26. Rh7+ Kxh7 27. Qxf7+
Kh8 28. Rh1+ 1-0

[Event "SR 3. liga A2 2010/2011"]
[Site "?"]
[Date "2011.03.13"]
[Round "10.7"]
[White "Smrek, Peter"]
[Black "Matus, David"]
[Result "0-1"]
[WhiteElo "1882"]
[BlackElo "1756"]
[PlyCount "88"]
[EventDate "2010.??.??"]
[WhiteTeam "Slovakia"]
[BlackTeam "II"]
[WhiteTeamCountry "SVK"]
[BlackTeamCountry "SVK"]

1. e4 e5 2. Nf3 Nc6 3. Nc3 d6 4. h3 Nf6 5. d4 exd4 6. Nxd4 Bd7 7. Be2 h6 8. Be3
g6 9. Bf3 Bg7 10. Qd2 Ne5 11. Be2 Qe7 12. f4 Nc6 13. Bf3 Nxd4 14. Bxd4 c5 15.
Bf2 O-O 16. O-O Bc6 17. Rae1 Qc7 18. Bg3 Rad8 19. f5 gxf5 20. exf5 Qb6 21. Bxc6
Qxc6 22. Bf4 h5 23. Bh6 Bh8 24. Bxf8 Kxf8 25. Rf3 d5 26. Rg3 Nh7 27. Qe2 Qd6
28. Rd3 Bxc3 29. Rxc3 Nf6 30. Rd3 Re8 31. Re3 Re4 32. Rxe4 dxe4 33. g4 hxg4 34.
Qe3 gxh3 35. Qxh3 Qd4+ 36. Qe3 Qd5 37. Qh6+ Ke7 38. Qg5 b6 39. c3 Qe5 40. Re2
Kd7 41. Rh2 e3 42. Re2 Nd5 43. Qh5 Qg7+ 44. Rg2 Qxg2+ 0-1

[Event "SR 3. liga A2 2010/2011"]
[Site "?"]
[Date "2011.03.13"]
[Round "10.7"]
[White "Vach, Jozef"]
[Black "Hornak, Pavol"]
[Result "1/2-1/2"]
[WhiteElo "1900"]
[BlackElo "1773"]
[PlyCount "104"]
[EventDate "2010.??.??"]
[WhiteTeam "Slovakia"]
[BlackTeam "II"]
[WhiteTeamCountry "SVK"]
[BlackTeamCountry "SVK"]

1. e4 c5 2. Nf3 e6 3. d4 cxd4 4. Nxd4 a6 5. Bc4 b5 6. Bb3 Bb7 7. Qe2 Qh4 8. Nd2
Nf6 9. g3 Qg4 10. f3 Qg6 11. c3 Nc6 12. e5 Nxd4 13. cxd4 Nd5 14. Ne4 Rc8 15. a3
f5 16. Nf2 Be7 17. Bd2 O-O 18. Nd3 Nb6 19. Nf4 Qf7 20. O-O Nc4 21. Bc3 g5 22.
Nd3 Kh8 23. Qf2 Rg8 24. Nc5 Bxc5 25. dxc5 Qe7 26. Bd4 Bd5 27. Rac1 g4 28. fxg4
Rxg4 29. Bd1 Rg7 30. Qf4 Qg5 31. Qxg5 Rxg5 32. Rf4 Rcg8 33. Kf2 Kg7 34. h4 Rg6
35. Be2 Kf7 36. Bh5 Ke7 37. Bxg6 Rxg6 38. Rg1 h5 39. Ke2 Na5 40. Bc3 Nc6 41.
Kf2 Kd8 42. Rd1 Be4 43. Rd2 Rg7 44. Rd1 Ke7 45. Rg1 Rg8 46. Re1 Bd5 47. Bd2 Rc8
48. Rd1 Nxe5 49. Bc3 Ng4+ 50. Ke2 Bc6 51. Rd6 Rg8 52. Kd3 Nh6 1/2-1/2

[Event "SR 3. liga A2 2010/2011"]
[Site "?"]
[Date "2011.03.13"]
[Round "10.8"]
[White "Havlicek, Peter"]
[Black "Gubis, Vladimir"]
[Result "1/2-1/2"]
[WhiteElo "1688"]
[BlackElo "1795"]
[PlyCount "114"]
[EventDate "2010.??.??"]
[WhiteTeam "Slovakia"]
[BlackTeam "II"]
[WhiteTeamCountry "SVK"]
[BlackTeamCountry "SVK"]

1. e4 c5 2. f4 e6 3. Nf3 d5 4. exd5 exd5 5. d4 Nf6 6. Nc3 Be7 7. Bb5+ Nc6 8.
Ne5 Qd6 9. Be3 cxd4 10. Bxd4 O-O 11. Bxc6 bxc6 12. O-O c5 13. Bf2 d4 14. Nb5
Qb6 15. a4 Be6 16. b3 Nd5 17. Qd2 a6 18. Na3 f6 19. Nac4 Qc7 20. Nd3 Bf5 21.
Bg3 Rfe8 22. Rae1 Bf8 23. Rxe8 Rxe8 24. Re1 Qd7 25. Rxe8 Qxe8 26. Qe1 Qe4 27.
Qxe4 Bxe4 28. Nd2 Bxd3 29. cxd3 Nb4 30. Kf2 Nxd3+ 31. Ke2 Nb4 32. Be1 Kf7 33.
Nf3 Nd5 34. g3 Ke6 35. Kd3 Kd6 36. b4 Kc6 37. bxc5 Bxc5 38. Nxd4+ Bxd4 39. Kxd4
Nb6 40. a5 Nd5 41. f5 h5 42. h3 Ne7 43. Ke4 Nd5 44. g4 hxg4 45. hxg4 Nc7 46.
Bc3 Ne8 47. Kf4 Kd7 48. g5 fxg5+ 49. Kxg5 Ke7 50. Kg6 Kf8 51. Be5 Kg8 52. Bd4
Kf8 53. Bc5+ Kg8 54. Be7 Nc7 55. f6 gxf6 56. Kxf6 Nd5+ 57. Ke6 Ne3 1/2-1/2

[Event "SR 3. liga A2 2010/2011"]
[Site "?"]
[Date "2011.03.13"]
[Round "10.8"]
[White "Kahancova, Jana"]
[Black "Bajcar, Pavol"]
[Result "1-0"]
[WhiteElo "1581"]
[BlackElo "1523"]
[PlyCount "73"]
[EventDate "2010.??.??"]
[WhiteTeam "Slovakia"]
[BlackTeam "II"]
[WhiteTeamCountry "SVK"]
[BlackTeamCountry "SVK"]

1. e4 e6 2. d4 d5 3. Nd2 c5 4. dxc5 Bxc5 5. Nb3 Bb6 6. exd5 Qxd5 7. Qxd5 exd5
8. Nf3 Ne7 9. Bd3 Nbc6 10. O-O O-O 11. Bf4 Re8 12. Rfe1 Bd7 13. Rad1 h6 14. Ne5
Nxe5 $11 15. Rxe5 Be6 16. Ree1 Rad8 17. Bb5 Nc6 18. Be3 Kf8 19. Bxb6 axb6 20.
h3 g6 21. Re2 f6 22. Nd4 Nxd4 23. Rxd4 Re7 24. Red2 Rc8 $11 25. Ba4 Rd8 26. c4
Bd7 27. Rxd5 Bxa4 28. Rxd8+ Kf7 29. R2d6 Bc6 30. b4 b5 31. cxb5 Bxb5 32. Rb6
Bc4 33. Rdd6 Be6 34. a4 h5 35. a5 g5 36. b5 f5 37. Rxe6 1-0

[Event "SR 3. liga A2 2010/2011"]
[Site "?"]
[Date "2011.03.13"]
[Round "10.8"]
[White "Kosar, Attila"]
[Black "Pivacek, Jozef"]
[Result "1-0"]
[WhiteElo "1498"]
[BlackElo "1000"]
[PlyCount "129"]
[EventDate "2010.??.??"]
[WhiteTeam "Slovakia"]
[BlackTeam "II"]
[WhiteTeamCountry "SVK"]
[BlackTeamCountry "SVK"]

1. e4 g6 2. Nf3 d6 3. Nc3 Bg7 4. Bc4 Nf6 5. d3 O-O 6. O-O a6 7. Bg5 Nbd7 8. Re1
e5 9. Qd2 c6 10. a3 b5 11. Ba2 Nb6 12. h3 Qc7 13. Rad1 Be6 14. Bxe6 fxe6 15.
Bh6 Nh5 16. Bxg7 Kxg7 17. Kh2 h6 18. Kh1 Qe7 19. Qe3 c5 20. b4 Rf7 21. bxc5
dxc5 22. Nxe5 Rff8 23. Ng4 g5 24. Ra1 Qc7 25. h4 Qf4 26. Qxf4 Rxf4 27. f3 Ng3+
28. Kg1 gxh4 29. Ne2 Nxe2+ 30. Rxe2 Nd7 31. Kf2 h5 32. Ne3 Raf8 33. Rb1 Ne5 34.
Rh1 Kg6 35. Ree1 a5 36. Ke2 a4 37. Rb1 Rb8 38. Rb2 b4 39. Nc4 Nc6 40. Ra1 b3
41. cxb3 axb3 42. Nd2 e5 43. Rab1 Nd4+ 44. Kf2 Rbf8 45. Rh1 Kg5 46. Nc4 Kf6 47.
Ne3 Ke6 48. Nd5 Rg4 49. Nc3 Rgf4 50. Ne2 Nxe2 51. Kxe2 Rg8 52. Kf2 c4 53. dxc4
Rc8 54. Rc1 Rcf8 55. Rc3 Rxe4 56. Rbxb3 Rd4 57. Rb6+ Kf5 58. Ke3 Rg8 59. Rc2
Rg3 60. c5 h3 61. gxh3 Ra4 62. Rc3 Rxh3 63. Rb4 Rh4 64. Rxh4 Rxh4 65. c6 1-0

[Event "SR 3. liga A2 2010/2011"]
[Site "?"]
[Date "2011.03.13"]
[Round "10.8"]
[White "Lelkes, Bela"]
[Black "Puskar, Peter"]
[Result "1/2-1/2"]
[WhiteElo "1843"]
[BlackElo "1706"]
[PlyCount "90"]
[EventDate "2010.??.??"]
[WhiteTeam "Slovakia"]
[BlackTeam "II"]
[WhiteTeamCountry "SVK"]
[BlackTeamCountry "SVK"]

1. e4 c5 2. f4 d5 3. exd5 Qxd5 4. Nc3 Qd8 5. Nf3 Nc6 6. Bc4 Nf6 7. d3 e6 8. O-O
Be7 9. Ne4 Nxe4 10. dxe4 O-O 11. c3 a6 12. Be3 b5 13. Be2 Bb7 14. Qc2 Qc7 15.
Rf2 e5 16. f5 f6 17. h4 Rac8 18. Kh2 Qb8 19. Rg1 Kh8 20. g4 Nd4 21. Qb1 Nxe2
22. Rxe2 c4 23. g5 Bc5 24. gxf6 gxf6 25. Bxc5 Rxc5 26. Reg2 Rcc8 27. Qe1 Rg8
28. Rg4 Rxg4 29. Rxg4 Qd6 30. Rg3 Rg8 31. Qd2 Qe7 32. Qe3 Rxg3 $11 33. Kxg3 Kg7
34. Nd2 Qc7 35. Kf3 Qd7 36. Ke2 Bc6 37. Nf1 Qb7 38. Ng3 Be8 39. Qd2 Bf7 40. h5
h6 41. Qe3 a5 42. a3 b4 43. axb4 axb4 44. Kf3 bxc3 45. bxc3 Qb1 $11 1/2-1/2

[Event "SR 3. liga A2 2010/2011"]
[Site "?"]
[Date "2011.03.13"]
[Round "10.8"]
[White "Mraz, Jan"]
[Black "Jablonicky, Martin"]
[Result "0-1"]
[WhiteElo "1000"]
[BlackElo "1884"]
[PlyCount "70"]
[EventDate "2010.??.??"]
[WhiteTeam "Slovakia"]
[BlackTeam "II"]
[WhiteTeamCountry "SVK"]
[BlackTeamCountry "SVK"]

1. e4 e5 2. Nf3 d6 3. d4 exd4 4. Nxd4 Nf6 5. Nc3 Be7 6. Bc4 a6 7. O-O b5 8. Bb3
c5 9. Nf3 c4 10. a3 cxb3 11. cxb3 Bb7 12. Re1 O-O 13. e5 dxe5 14. Nxe5 Qxd1 15.
Rxd1 Nc6 16. Nxc6 Bxc6 17. Bf4 Rad8 18. Rxd8 Rxd8 19. Rd1 Rxd1+ 20. Nxd1 Ne4
21. Nc3 Nxc3 22. bxc3 Bxa3 23. c4 b4 24. Be5 Be4 25. Kf1 Bc2 26. Ke2 Bxb3 27.
Kd3 Ba4 28. Kd4 Bb2+ 29. Ke4 Bxe5 30. Kxe5 Bb3 31. Kd4 Bxc4 32. Kxc4 a5 33. Kb3
Kf8 34. Ka4 Ke7 35. Kxa5 b3 0-1

[Event "SR 3. liga A2 2010/2011"]
[Site "?"]
[Date "2011.03.13"]
[Round "10.8"]
[White "Prigoda, Lubos"]
[Black "Planka, Peter"]
[Result "0-1"]
[WhiteElo "1428"]
[BlackElo "1798"]
[PlyCount "80"]
[EventDate "2010.??.??"]
[WhiteTeam "Slovakia"]
[BlackTeam "II"]
[WhiteTeamCountry "SVK"]
[BlackTeamCountry "SVK"]

1. e4 e5 2. Nf3 Nc6 3. Bb5 a6 4. Ba4 Nf6 5. O-O b5 6. Bb3 Be7 7. Nc3 d6 8. d3
Na5 9. Bg5 Nxb3 10. axb3 Bg4 11. h3 Be6 12. Qd2 O-O 13. Rfe1 Nh5 14. Ne2 f5 15.
Bxe7 Qxe7 16. Qg5 Qxg5 17. Nxg5 Bd7 18. exf5 Rxf5 19. Ne4 Nf4 20. g4 Nxh3+ 21.
Kh2 Rf3 22. Nd2 Rxf2+ 23. Kxh3 h5 24. Kg3 Raf8 25. Ne4 R8f3+ 26. Kh4 Rh2+ 27.
Kg5 Bxg4 28. Ng1 Rf5+ 29. Kg6 Rg2 30. Re3 Rf4 31. Rg3 Bf5+ 32. Kg5 Bxe4 33.
Rxg2 Bxg2 34. Kxh5 Rf1 35. Rxf1 Bxf1 36. Nf3 Be2 37. Kg4 Kf7 38. Kg3 Bxf3 39.
Kxf3 c5 40. c4 Ke6 0-1